| 000 | 00459nam a2200169 i 4500 | ||
|---|---|---|---|
| 001 | 101350 | ||
| 003 | ES-MaACL | ||
| 005 | 20230906182859.0 | ||
| 007 | t| | ||
| 008 | 051018s1977 sp ||||1| spa d | ||
| 100 | 1 |
_aMayer, Hans. _979355 |
|
| 245 | 1 | 0 |
_aHistoria maldita de la literatura / _cHans Mayer. |
| 260 |
_aMadrid : _bTaurus, _c1977. |
||
| 300 |
_a418 p. ; _c21 cm. |
||
| 852 |
_aES-MaACL _jA-6546 _bR.95797 |
||
| 852 |
_aES-MaACL _jA-6908 _bR.95849 |
||
| 999 |
_c101350 _d101350 |
||